[Event "Kandidatklassen 2002"]
[Site "Greve"]
[Date "2002.04.01"]
[Round "7"]
[White "Lund, Silas"]
[Black "Bromann, Thorbjorn"]
[Result "1/2-1/2"]
[WhiteElo "2333"]
[BlackElo "2344"]
[PlyCount "157"]
[EventDate "2002.??.??"]

1. c4 e5 2. Nc3 Nf6 3. Nf3 Nc6 4. e3 Bb4 5. Qc2 O-O 6. Nd5 Bc5 7. b4 Bxb4 8.
Nxb4 Nxb4 9. Qb2 a5 10. a3 Na6 11. Qxe5 b6 12. d4 Bb7 13. Bd3 Re8 14. Qf5 Be4
15. Bxe4 Nxe4 16. O-O d6 17. Nd2 Qe7 18. Nxe4 Qxe4 19. Qxe4 Rxe4 20. f3 Re6 21.
e4 f5 22. exf5 Re2 23. Bg5 Rf8 24. Rfe1 Rxe1+ 25. Rxe1 Rxf5 26. Bh4 Kf8 27. Kf2
Nb8 28. Be7+ Kg8 29. Bd8 Na6 30. g4 Rf4 31. Re4 Rf8 32. Be7 Rb8 33. Rf4 Re8 34.
Bh4 Nb8 35. Re4 Kf7 36. Rxe8 Kxe8 37. Ke3 Kd7 38. Be1 Nc6 39. Bc3 d5 40. cxd5
Ne7 41. Ke4 Kd6 42. Be1 Nxd5 43. Bg3+ Ke6 44. Be5 g6 45. f4 c6 46. f5+ gxf5+
47. gxf5+ Ke7 48. Bg3 b5 49. Bh4+ Kf7 50. Bg5 a4 51. Kd3 Nb6 52. Kc3 Nd5+ 53.
Kd3 Kg7 54. Bh4 Nf4+ 55. Kc3 Ne2+ 56. Kd3 Nf4+ 57. Kc3 Nd5+ 58. Kd3 Kh6 59. Bd8
Kh5 60. Kd2 Kh6 61. Kd3 b4 62. axb4 Nxb4+ 63. Kc3 a3 64. Kb3 a2 65. Kb2 Nc2 66.
Kxa2 Nxd4 67. Ka3 Nxf5 68. Kb4 Nd4 69. Bb6 Ne6 70. Kc4 Kg5 71. Kd3 Kf4 72. Bf2
Kf3 73. Bg3 h5 74. Be1 Kg2 75. Bg3 Kf3 76. Be1 Nc5+ 77. Kd4 Ne4 78. Bh4 Kg4 79.
Bd8 1/2-1/2

[Event "Kandidatklassen 2002"]
[Site "Greve"]
[Date "2002.04.01"]
[Round "7"]
[White "Borbjerggaard, Lars"]
[Black "Hvenekilde, Jorgen"]
[Result "1-0"]
[WhiteElo "2368"]
[BlackElo "2260"]
[PlyCount "107"]
[EventDate "2002.??.??"]

1. d4 Nf6 2. c4 d6 3. Nc3 e5 4. Nf3 exd4 5. Nxd4 Be7 6. e4 O-O 7. Be2 Na6 8.
Be3 Nc5 9. f3 a5 10. Qd2 c6 11. Rd1 Qc7 12. O-O Bd7 13. b3 Rad8 14. a3 Bc8 15.
Rc1 Rfe8 16. Rfd1 Nfd7 17. b4 axb4 18. axb4 Na6 19. Na4 g6 20. Nb5 cxb5 21.
cxb5 Qb8 22. bxa6 bxa6 23. Nc3 Bb7 24. Nd5 Bxd5 25. exd5 Qb7 26. Rc6 Nb8 27.
Rb6 Bg5 28. Rxb7 Bxe3+ 29. Qxe3 Rxe3 30. Bd3 Kf8 31. Kf2 Re7 32. Rb6 Rc7 33.
Ke3 Rc3 34. Kd4 Rb3 35. Rb1 Ra3 36. Rb2 Ke7 37. f4 Rc8 38. Re2+ Kf8 39. Rb7 Kg7
40. Rc2 Rf8 41. g4 h6 42. h4 Ra1 43. f5 Rg1 44. fxg6 Rxg4+ 45. Be4 a5 46. b5 a4
47. Rf2 a3 48. Rfxf7+ Rxf7 49. Rxf7+ Kg8 50. Ra7 Rf4 51. Rxa3 Nd7 52. Ra8+ Rf8
53. Rxf8+ Kxf8 54. Bf5 1-0

[Event "Kandidatklassen 2002"]
[Site "Greve"]
[Date "2002.04.01"]
[Round "7"]
[White "Helledie, Anders"]
[Black "Pedersen, Christian Kyndel"]
[Result "1/2-1/2"]
[WhiteElo "2196"]
[BlackElo "2253"]
[PlyCount "84"]
[EventDate "2002.??.??"]

1. e4 c5 2. Nc3 Nc6 3. g3 g6 4. Bg2 Bg7 5. d3 d6 6. Be3 e6 7. Qd2 Rb8 8. Nge2
Nd4 9. O-O Ne7 10. Rae1 O-O 11. Nd1 b6 12. Nc1 e5 13. c3 Ne6 14. f4 exf4 15.
gxf4 f5 16. Ne2 d5 17. exf5 Nxf5 18. d4 Bb7 19. Bf2 Bh6 20. Bg3 Re8 21. Bh3 Qf6
22. Bxf5 gxf5 23. Ne3 Rbd8 24. Qd3 Ng7 25. Ng2 Re4 26. Bh4 Qd6 27. Bxd8 Qxd8
28. Ng3 c4 29. Qc2 Rxe1 30. Rxe1 Bc8 31. Re5 Be6 32. Qe2 Qd7 33. a3 Kf8 34. Kf2
Qf7 35. Kf3 Qg6 36. Ne3 Nh5 37. Nxh5 Qxh5+ 38. Kf2 Qxh2+ 39. Ng2 Bd7 40. Rxd5
Bxf4 41. Qf3 Bd6 42. Qe3 Kf7 1/2-1/2

[Event "Kandidatklassen 2002"]
[Site "Greve"]
[Date "2002.04.01"]
[Round "7"]
[White "Pedersen, Jan Nordenbaek"]
[Black "Bekker Jensen, David"]
[Result "0-1"]
[WhiteElo "2256"]
[BlackElo "2308"]
[PlyCount "50"]
[EventDate "2002.??.??"]

1. e4 c5 2. Nf3 d6 3. d4 Nf6 4. Nc3 cxd4 5. Nxd4 a6 6. Bg5 e6 7. f4 Be7 8. Qf3
Qc7 9. O-O-O Nbd7 10. g4 O-O 11. Bd3 b5 12. Rhe1 Bb7 13. Qh3 Nc5 14. e5 dxe5
15. fxe5 Nxd3+ 16. Rxd3 Nd5 17. Bxe7 Nxe7 18. g5 Ng6 19. Qg3 Rac8 20. h4 b4 21.
Nd1 Rfd8 22. Re2 Rd5 23. Ne3 Nxe5 24. Nxd5 Nxd3+ 25. Qxd3 Bxd5 0-1

[Event "Kandidatklassen 2002"]
[Site "Greve"]
[Date "2002.04.01"]
[Round "7"]
[White "Rasmussen, Casper Dahl"]
[Black "Olsson, Linus"]
[Result "1-0"]
[WhiteElo "2315"]
[BlackElo "2252"]
[PlyCount "69"]
[EventDate "2002.??.??"]

1. c4 Nf6 2. g3 c5 3. Bg2 d5 4. cxd5 Nxd5 5. Nc3 Nc7 6. Nf3 Nc6 7. O-O e5 8.
Ne1 Bd7 9. Nd3 Bd6 10. f4 exf4 11. Nxf4 O-O 12. b3 Re8 13. Bb2 Bf8 14. e3 Rb8
15. Ne4 Ne5 16. h3 Bb5 17. Nh5 Bxf1 18. Qxf1 Nd5 19. Qf5 g6 20. Nhf6+ Nxf6 21.
Nxf6+ Kh8 22. Qf4 Bg7 23. Nxe8 Qxe8 24. Rf1 f5 25. Bc3 Qe7 26. e4 Rf8 27. Qe3
Qc7 28. exf5 gxf5 29. Bxb7 Ng6 30. Bxg7+ Qxg7 31. Bg2 f4 32. Qxc5 fxg3 33.
Rxf8+ Nxf8 34. Bf3 Qf6 35. Qc3 1-0

[Event "Kandidatklassen 2002"]
[Site "Greve"]
[Date "2002.04.01"]
[Round "7"]
[White "Kaya Mortensen, Jan T"]
[Black "Nielsen, Anders Bodholt"]
[Result "0-1"]
[WhiteElo "2053"]
[BlackElo "2209"]
[PlyCount "66"]
[EventDate "2002.??.??"]

1. e4 c5 2. Nf3 e6 3. d3 Nc6 4. g3 d5 5. Nbd2 Nf6 6. Bg2 Be7 7. O-O Qc7 8. Re1
b6 9. e5 Nd7 10. c4 d4 11. Ne4 Bb7 12. Bf4 O-O-O 13. Nd6+ Bxd6 14. exd6 Qb8 15.
Ng5 Rdf8 16. Qa4 Nd8 17. Bxb7+ Qxb7 18. b4 cxb4 19. Ne4 e5 20. Bd2 f5 21. Ng5
h6 22. Nh3 g5 23. f3 f4 24. g4 Nc5 25. d7+ Kb8 26. Qxb4 Qxf3 27. Nf2 h5 28.
Rab1 Ndb7 29. Rxe5 hxg4 30. Rxc5 g3 31. Ng4 Qxg4 32. h4 Rxh4 33. Rxg5 Rh1+ 0-1

[Event "Kandidatklassen 2002"]
[Site "Greve"]
[Date "2002.04.01"]
[Round "7"]
[White "Vovk, Oksana"]
[Black "Rasmussen, Bo"]
[Result "1-0"]
[WhiteElo "2092"]
[BlackElo "2159"]
[PlyCount "139"]
[EventDate "2002.??.??"]

1. d4 Nf6 2. Nf3 d5 3. c4 e6 4. Nc3 c6 5. e3 Be7 6. Bd3 Nbd7 7. O-O O-O 8. Qe2
dxc4 9. Bxc4 b5 10. Bd3 Bb7 11. e4 b4 12. e5 bxc3 13. exf6 Nxf6 14. bxc3 c5 15.
Rd1 Nd5 16. Qe4 g6 17. Bh6 Re8 18. c4 Nc3 19. Qxb7 Rb8 20. Qa6 Nxd1 21. Rxd1
cxd4 22. Bf4 Rb2 23. Qxa7 Qa8 24. Qxd4 Rxa2 25. Bh6 Bf8 26. Bxf8 Rxf8 27. Bb1
Ra4 28. Bc2 Ra2 29. Bb1 Ra4 30. Ne5 Rc8 31. Ng4 Raxc4 32. Nh6+ Kf8 33. Qh8+ Ke7
34. Qxh7 Rf4 35. Bxg6 Qa7 36. Nf5+ Rxf5 37. Bxf5 exf5 38. Qxf5 Qc7 39. Qg5+ Kf8
40. Qh6+ Kg8 41. h3 Re8 42. Qd6 Qc2 43. Qg3+ Kf8 44. Rd4 Re6 45. Qh4 Qc1+ 46.
Kh2 Qc7+ 47. Qf4 Qc6 48. Rd8+ Ke7 49. Rg8 Qb6 50. Rc8 Rf6 51. Qc7+ Qxc7+ 52.
Rxc7+ Kd6 53. Rc2 Ke5 54. g3 Kf5 55. Rc4 Kg6 56. Kg2 Ra6 57. g4 Ra3 58. f3 Ra2+
59. Kg3 Ra1 60. Rc6+ Kg7 61. h4 Rg1+ 62. Kf4 Ra1 63. Rc5 Rh1 64. h5 Ra1 65. Kg5
f6+ 66. Kf5 Ra6 67. Rc7+ Kh6 68. Rf7 Ra5+ 69. Kxf6 Rf5+ 70. gxf5 1-0

[Event "Kandidatklassen 2002"]
[Site "Greve"]
[Date "2002.04.01"]
[Round "7"]
[White "Pedersen, Dimon Poul"]
[Black "Nielsen, Nicholas Roland"]
[Result "0-1"]
[WhiteElo "2062"]
[BlackElo "2080"]
[PlyCount "78"]
[EventDate "2002.??.??"]

1. c4 d6 2. g3 f5 3. Bg2 Nf6 4. Nc3 e6 5. d3 Be7 6. e4 fxe4 7. dxe4 O-O 8. Nge2
Nc6 9. O-O Bd7 10. b3 Be8 11. Nf4 Bf7 12. Bh3 Qd7 13. Bb2 Rfe8 14. Re1 Bf8 15.
Ncd5 Qd8 16. Nxf6+ gxf6 17. Nh5 Bg7 18. Qg4 Bg6 19. Nxg7 Kxg7 20. f4 h5 21. Qf3
e5 22. Rad1 Qe7 23. f5 Bf7 24. g4 Rh8 25. Rf1 hxg4 26. Qxg4+ Kf8 27. Kh1 Bh5
28. Qg3 Bxd1 29. Rxd1 Qh7 30. Bg4 Ke7 31. Kg2 Rag8 32. h3 Qh4 33. Qxh4 Rxh4 34.
Kg3 Rgh8 35. Rd2 Nd8 36. c5 dxc5 37. Ba3 b6 38. b4 cxb4 39. Bxb4+ c5 0-1